000
00299nam a22001337a 4500
008
181217b xxu||||| |||| 00| 0 eng d
020
_a
0103361139
041
_a
eng
080
_a
710
100
_a
45
101
_a
ART
245
_a
Topics Drama East Asian Theatre
_c
Carol.J
942
_2
udc
_c
BK
999
_c
53265
_d
53265